Language Quiz

Random Language or Puzzle Quiz

ASL Fingerspelling: US Presidents Quiz Stats

 Plays Quiz Updated Jul 28, 2019

Score 0/12 Timer 05:00
1 Play Today
% Correct
⇑ Obama ⇑
91.1%
⇑ Bush ⇑
89.3%
⇑ Van Buren ⇑
88%
⇑ Washington ⇑
87.6%
⇑ Hoover ⇑
80.6%
⇑ Jackson ⇑
77.7%
⇑ Buchanan ⇑
77.5%
⇑ Eisenhower ⇑
73.4%
⇑ Truman ⇑
67.8%
⇑ Pierce ⇑
66.7%
⇑ Madison ⇑
64.6%
⇑ Garfield ⇑
60.1%

You're not logged in!

Compare scores with friends on all Sporcle quizzes.
OR
Log In

Sporcle TV

Today on Sporcle TV


Watch our educational content, quiz creation guides, and fun videos on Sporcle TV.

Show Comments

Extras

Top Quizzes Today


Score Distribution

Your Account Isn't Verified!

In order to create a playlist on Sporcle, you need to verify the email address you used during registration. Go to your Sporcle Settings to finish the process.

Report this User

Report this user for behavior that violates our Community Guidelines.

Details: